00595nam a2200181 a 450000100100000000500170001000800410002702000150006804000250008308200130010810000170012124500890013826000340022730000210026149000280028250000730031083000300038300004312720201002040646.0140220s1978 sp 000 0 spa d a8472235823 aDO-SdBNPbspacBNPHU axxxbxxx1 aVicens, Toni10aCol-Legi de Filosofía :bmaneras de hacer filosofía /cToni Vicens ... [et al.]. aBarcelona :bTusquets,c1978. a267 p. ;c18 cm.1 aCuadernos Ínfimosv82 aIncluye referencias bibliográficas y notas al pie de las páginas 0aCuadernos Ínfimos ;n82